书目信息 |
| 题名: |
古龙散文集
|
|
| 作者: | 古龙, 著 ;陈舜仪 整理 | |
| 分册: | ||
| 出版信息: | 长春 时代文艺出版社 2020.01 |
|
| 页数: | 416页 | |
| 开本: | 24cm | |
| 丛书名: | ||
| 单 册: | ||
| 中图分类: | I267 | |
| 科图分类: | ||
| 主题词: | 散文集--san wen ji--中国--当代 | |
| 电子资源: | ||
| ISBN: | 978-7-5387-6138-2 | |
| 000 | 00948nam0 2200241 450 | |
| 001 | 2068344111 | |
| 005 | 20201106185911.22 | |
| 010 | @a978-7-5387-6138-2@dCNY68.00 | |
| 100 | @a20200113d2020 em y0chiy50 ea | |
| 101 | 0 | @achi |
| 102 | @aCN@b220000 | |
| 105 | @ay a 000cy | |
| 200 | 1 | @a古龙散文集@Agu long san wen ji@f古龙著@g陈舜仪整理 |
| 210 | @a长春@c时代文艺出版社@d2020.01 | |
| 215 | @a416页@d24cm | |
| 320 | @a有书目 (第412-416页) | |
| 330 | @a本书是古龙的绝世遗笔, 也是古龙写自己生活的随笔, 书中体现了这位武侠宗师的人文情怀, 是古龙真正书写自己的作品。书中内容非常丰富, 从古龙的生活随笔到台北的小吃到谈自己创作的武侠人物, 还谈到了他的处女作和译作。同时, 还都配有详细注解, 全书共50万字, 讲透了侠客古龙的潇洒人生。 | |
| 606 | 0 | @a散文集@Asan wen ji@y中国@z当代 |
| 690 | @aI267@v5 | |
| 701 | 0 | @a古龙,@Agu long@f1938-1985@4著 |
| 702 | 0 | @a陈舜仪@Achen shun yi@4整理 |
| 801 | 0 | @aCN@b人天书店@c20201024 |
| 905 | @aZUCC@dI267@eG446 | |
| 古龙散文集/古龙著/陈舜仪整理.-长春:时代文艺出版社,2020.01 |
| 416页;24cm |
| ISBN 978-7-5387-6138-2:CNY68.00 |
| 本书是古龙的绝世遗笔, 也是古龙写自己生活的随笔, 书中体现了这位武侠宗师的人文情怀, 是古龙真正书写自己的作品。书中内容非常丰富, 从古龙的生活随笔到台北的小吃到谈自己创作的武侠人物, 还谈到了他的处女作和译作。同时, 还都配有详细注解, 全书共50万字, 讲透了侠客古龙的潇洒人生。 |
| ● |
| 相关链接 |
|
|
|
正题名:古龙散文集
索取号:I267/G446
 
预约/预借
| 序号 | 登录号 | 条形码 | 馆藏地/架位号 | 状态 | 备注 |
| 1 | 1483538 | 214835384 | 文学库116/116文学库 3排5列4层/ [索取号:I267/G446] | 在馆 | |
| 2 | 1483539 | 214835393 | 文学库116/116文学库 3排5列4层/ [索取号:I267/G446] | 在馆 |